[Event "Skalica op-A"]
[Site "Skalica"]
[Date "2023.08.27"]
[Round "9"]
[White "Tesar, Jakub"]
[Black "Meszaros, Casey Ryan"]
[Result "0-1"]
[WhiteElo "1991"]
[BlackElo "1931"]
[PlyCount "72"]
[EventDate "2023.08.19"]
[EventType "swiss"]
[EventRounds "9"]
[EventCountry "SVK"]
[SourceTitle "CBM 215 Extra"]
[Source "ChessBase"]
[SourceDate "2023.09.30"]
[SourceVersion "1"]
[SourceVersionDate "2023.09.30"]
[SourceQuality "1"]

1. d4 Nf6 2. c4 e5 3. dxe5 Ng4 4. Bf4 Nc6 5. Nf3 Bb4+ 6. Nc3 Bxc3+ 7. bxc3 Qe7 8. g3 Ncxe5 9. Bg2 d6 10. c5 Nxf3+ 11. Bxf3 Ne5 12. Bg2 dxc5 13. Qd5 f6 14. Be3 c6 15. Qxc5 Qxc5 16. Bxc5 Be6 17. a4 Kf7 18. 0-0-0 b6 19. Bd6 Rac8 20. Bxe5 fxe5 21. Rd6 Bd5 22. Bxd5+ cxd5 23. Kb2 Rhd8 24. Rxd8 Rxd8 25. Rd1 Ke6 26. e4 Rd6 27. Re1 dxe4 28. Re2 e3 29. fxe3 e4 30. Kb3 Rd3 31. Kb4 Kd5 32. c4+ Kc6 33. a5 bxa5+ 34. Kxa5 Kc5 35. Ka6 Ra3+ 36. Kb7 Kxc4 0-1

[Event "SVK-ch U12"]
[Site "Dudince"]
[Date "2023.04.17"]
[Round "2"]
[White "Prochazka, Michal"]
[Black "Meszaros, Casey Ryan"]
[Result "0-1"]
[WhiteElo "1367"]
[BlackElo "1881"]
[PlyCount "83"]
[EventDate "2023.04.16"]
[EventType "swiss"]
[EventRounds "9"]
[EventCountry "SVK"]
[SourceTitle "CBM 213 Extra"]
[Source "ChessBase"]
[SourceDate "2023.05.31"]
[SourceVersion "1"]
[SourceVersionDate "2023.05.31"]
[SourceQuality "1"]

1. e4 c6 2. d4 d5 3. e5 c5 4. c3 Nc6 5. Nf3 Bg4 6. Bb5 e6 7. Bxc6+ bxc6 8. dxc5 Bxc5 9. Nbd2 Qc7 10. 0-0 a5 11. Re1 Ne7 12. h3 Bh5 13. Nb3 Bb6 14. Be3 c5 15. a4 Rd8 16. g4 Bg6 17. Qe2 c4 18. Nbd4 Bxd4 19. Bxd4 h5 20. g5 h4 21. Qe3 Rb8 22. Ra2 Nf5 23. Qd2 Qe7 24. Kh2 Bh5 25. Ng1 Rb3 26. f4 Qb7 27. Bc5 Ng3 28. Ba3 d4 29. Qg2 Qxg2+ 30. Kxg2 d3 31. Nf3 Bxf3+ 32. Kxf3 Kd7 33. Raa1 Kc6 34. Rad1 Kd5 35. Rd2 Rhb8 36. Red1 Rxa3 37. bxa3 Rb3 38. Rc1 Ne4 39. Ke3 Nxc3 40. Ra1 Ne4 41. Rdd1 d2+ 42. Ke2 0-1

[Event "SVK-ch U12"]
[Site "Dudince"]
[Date "2023.04.16"]
[Round "1"]
[White "Meszaros, Casey Ryan"]
[Black "Halada, Lubos"]
[Result "1-0"]
[WhiteElo "1881"]
[BlackElo "1013"]
[PlyCount "53"]
[EventDate "2023.04.16"]
[EventType "swiss"]
[EventRounds "9"]
[EventCountry "SVK"]
[SourceTitle "CBM 213 Extra"]
[Source "ChessBase"]
[SourceDate "2023.05.31"]
[SourceVersion "1"]
[SourceVersionDate "2023.05.31"]
[SourceQuality "1"]

1. c4 d5 2. cxd5 Qxd5 3. Nc3 Qd8 4. d4 Nf6 5. Bg5 g6 6. e4 Bg7 7. Nf3 0-0 8. h3 b6 9. Qd2 Bb7 10. Bd3 Re8 11. Bh6 Nbd7 12. Bxg7 Kxg7 13. e5 Nd5 14. h4 Rg8 15. Ng5 h6 16. Nxf7 Kxf7 17. Qxh6 Qf8 18. Qg5 Qg7 19. h5 gxh5 20. Qxh5+ Kf8 21. Qf5+ Ke8 22. Bb5 Rd8 23. e6 N5f6 24. exd7+ Nxd7 25. Rh7 Qg6 26. Qxg6+ Rxg6 27. Rh8+ 1-0

[Event "SVK-ch Blitz"]
[Site "Nitra"]
[Date "2022.10.29"]
[Round "2"]
[White "Meszaros, Casey Ryan"]
[Black "Mikulas, Dusan"]
[Result "1-0"]
[WhiteElo "1774"]
[BlackElo "2016"]
[PlyCount "33"]
[EventDate "2022.10.29"]
[EventType "swiss"]
[EventRounds "13"]
[EventCountry "SVK"]
[SourceTitle "EXT 2024"]
[Source "ChessBase"]
[SourceDate "2023.10.10"]
[SourceVersion "1"]
[SourceVersionDate "2023.10.10"]
[SourceQuality "1"]

1. g3 g6 2. Bg2 Bg7 3. e3 Nf6 4. Ne2 0-0 5. 0-0 e5 6. b3 d6 7. Bb2 Nc6 8. d4 exd4 9. Nxd4 Bd7 10. Nxc6 Bxc6 11. Bxc6 bxc6 12. Qf3 Qd7 13. Bxf6 Qe6 14. Bxg7 Kxg7 15. Qxc6 Qf6 16. Qc3 Qxc3 17. Nxc3 1-0

[Event "SVK-ch Blitz"]
[Site "Nitra"]
[Date "2022.10.29"]
[Round "10"]
[White "Slamena, Michal"]
[Black "Meszaros, Casey Ryan"]
[Result "1-0"]
[WhiteElo "2043"]
[BlackElo "1774"]
[PlyCount "65"]
[EventDate "2022.10.29"]
[EventType "swiss"]
[EventRounds "13"]
[EventCountry "SVK"]
[SourceTitle "EXT 2024"]
[Source "ChessBase"]
[SourceDate "2023.10.10"]
[SourceVersion "1"]
[SourceVersionDate "2023.10.10"]
[SourceQuality "1"]

1. e4 d5 2. exd5 Nf6 3. d4 Bg4 4. Be2 Bxe2 5. Nxe2 Qxd5 6. 0-0 Nc6 7. c3 0-0-0 8. Nd2 h6 9. b3 g5 10. Bb2 Bg7 11. Qc2 h5 12. c4 Qd7 13. d5 Nb4 14. Qb1 Qd6 15. a3 Ng4 16. g3 Bxb2 17. Qxb2 Nd3 18. Qd4 Nxh2 19. Qxd3 Nxf1 20. Rxf1 h4 21. Ne4 Qh6 22. g4 e6 23. Nc5 f5 24. f3 fxg4 25. fxg4 exd5 26. cxd5 Qb6 27. b4 Rhf8 28. Rf5 Rxf5 29. Qxf5+ Kb8 30. Nd4 Qh6 31. Nde6 Re8 32. Nd7+ Ka8 33. Nxc7# 1-0

[Event "Bratislava Slovakia op"]
[Site "Bratislava"]
[Date "2022.09.30"]
[Round "2"]
[White "Balint, Peter1111"]
[Black "Meszaros, Casey Ryan"]
[Result "1-0"]
[WhiteElo "2219"]
[BlackElo "1874"]
[PlyCount "88"]
[EventDate "2022.09.30"]
[EventType "swiss (rapid)"]
[EventRounds "9"]
[EventCountry "SVK"]
[SourceTitle "CBM 210 Extra"]
[Source "ChessBase"]
[SourceDate "2022.11.30"]
[SourceVersion "1"]
[SourceVersionDate "2022.11.30"]
[SourceQuality "1"]

1. e4 e5 2. Nf3 Nc6 3. Bb5 a6 4. Ba4 d6 5. c3 Bd7 6. 0-0 g6 7. d4 Bg7 8. d5 Nce7 9. Bc2 h6 10. Nbd2 f5 11. exf5 Bxf5 12. Nh4 Qd7 13. Nxf5 Nxf5 14. Ne4 Nge7 15. Qg4 0-0-0 16. Qd1 g5 17. a4 Ng6 18. a5 Nf4 19. g3 Nh3+ 20. Kg2 h5 21. Ba4 c6 22. dxc6 bxc6 23. Qe2 Kb7 24. Rd1 Qe6 25. Rxd6 Qxd6 26. Nxd6+ Rxd6 27. Kxh3 g4+ 28. Kg2 h4 29. Ra3 h3+ 30. Kg1 Rhd8 31. Bg5 R8d7 32. Rb3+ Kc7 33. Rb6 Bh6 34. Bxh6 Nxh6 35. Qxe5 Nf7 36. Rxc6+ Kd8 37. Rxd6 Nxe5 38. Rxd7+ Nxd7 39. Bxd7 Kxd7 40. Kf1 Kc6 41. Ke2 Kb5 42. b4 Kc4 43. Kd2 Kd5 44. Kd3 Ke5 1-0